| 000 | 00590nam a22002057a 4500 | ||
|---|---|---|---|
| 005 | 20230606162208.0 | ||
| 008 | 230605b ||||| |||| 00| 0 eALng d | ||
| 040 | _cAL | ||
| 041 | _aEnglish | ||
| 082 |
_223 _a523.12 _bVELE |
||
| 100 |
_aBoris A Vorontsov Velyaminov _9120468 |
||
| 245 | _aEssays About the Universe | ||
| 260 |
_aMoscow _bMir Publishers _c1985 |
||
| 300 |
_a328 p. _bHB _c26.7x21 cm. |
||
| 650 |
_aCosmogony _9119434 |
||
| 650 |
_aCosmology _9119435 |
||
| 700 |
_aVELYAMINOV (Boris A Vorontsov) _9119436 |
||
| 700 |
_aREPYEV (Alexander) Tr _9120469 |
||
| 942 |
_2ddc _cDB |
||
| 999 |
_c227400 _d227400 |
||